The Next Letter - Statistics

General Stats
  • This quiz has been taken 70 times
  • The average score is 11 of 25
Answer Stats
% Correct
B C
88%
F G
88%
C D
85%
D E
85%
A B
81%
G H
81%
H I
81%
E F
73%
I J
69%
J K
54%
K L
46%
L M
27%
R S
27%
P Q
23%
M N
19%
N O
19%
O P
19%
Q R
19%
T U
19%
U V
19%
X Y
15%
S T
12%
V W
12%
Y Z
12%
W X
8%
No matching quizzes found
Score Distribution
Percent of People with Each Score
Percentile by Number Answered
Your Score History
You have not taken this quiz